Gato y pez /
Guardado en:
| Autor Principal: | |
|---|---|
| Otros Autores: | , |
| Formato: | Libro |
| Publicado: |
Buenos Aires :
Libros del Zorro Rojo,
2015
|
| Materias: | |
| Etiquetas: |
Agregar Etiqueta
Sin Etiquetas, Sea el primero en etiquetar este registro!
|
| LEADER | 00839nam a22002655a 4500 | ||
|---|---|---|---|
| 001 | CEM.cems015302 | ||
| 005 | 20191108160831.0 | ||
| 008 | 130507s2015##################000#0#####d | ||
| 003 | CEMS | ||
| 020 | |a 9789871948543 | ||
| 082 | 0 | 4 | |a 829.3 |
| 100 | 1 | |a Grant, Joan | |
| 245 | 1 | 0 | |a Gato y pez / |c Joan Grant ; ilustrado Por Neil Curtis ; traducido Por Luisa Borovsky |
| 260 | |a Buenos Aires : |b Libros del Zorro Rojo, |c 2015 | ||
| 300 | |a 32 p. | ||
| 500 | |a Título original: Cat and Fish | ||
| 653 | |a Literatura | ||
| 653 | |a Literatura australiana | ||
| 653 | |a Literatura infantil | ||
| 653 | |a Cuentos infantiles | ||
| 653 | |a Colección ciencias de la educación | ||
| 653 | |a Libro Álbum | ||
| 700 | 1 | |a Curtis, Neil; il . | |
| 700 | 1 | |a Borovsky, Luisa; trad. | |
| 859 | |a CEMS |b BIB. CEMS - Ccias. Educacion |h 829.3 |i G767 |k CE |p 28534.19 |t Ej.1 | ||
